书目信息 |
| 题名: |
幻想画大师图典
|
|
| 作者: | ;紫图大师图典丛书编辑部 编译 | |
| 分册: | ||
| 出版信息: | 西安 陕西师范大学出版社 2003.09 |
|
| 页数: | 299页 | |
| 开本: | 21cm | |
| 丛书名: | 紫图大师图典丛书 | |
| 单 册: | ||
| 中图分类: | J233 | |
| 科图分类: | ||
| 主题词: | 绘画--世界 , 绘画--各国 | |
| 电子资源: | ||
| ISBN: | 7-5613-2170-8 | |
| 000 | 00745nam0 2200229 450 | |
| 001 | 0435929014 | |
| 005 | 20040615095848.08 | |
| 010 | @a7-5613-2170-8@dCNY58.00 | |
| 100 | @a20040615d2003 km y0chiy0120 ea | |
| 101 | 0 | @achi |
| 102 | @aCN@b610000 | |
| 200 | 1 | @a幻想画大师图典@Ahuan xiang hua da shi tu dian@f紫图大师图典丛书编辑部编译@Fzi tu da shi tu dian cong shu bian ji bu bian yi |
| 210 | @a西安@c陕西师范大学出版社@d2003.09 | |
| 215 | @a299页@c图@d21cm | |
| 225 | 2 | @a紫图大师图典丛书 |
| 410 | 0 | @12001 @a紫图大师图典丛书 |
| 606 | 0 | @a绘画@x世界 |
| 606 | 0 | @a绘画@y各国 |
| 690 | @aJ233@v4 | |
| 711 | 0 | @a紫图大师图典丛书编辑部@Azi tu da shi tu dian cong shu bian ji bu@4编译 |
| 801 | 0 | @aCN@bPFT@c20040615 |
| 905 | @aBZT@dJ233@e2@f6 | |
| 幻想画大师图典/紫图大师图典丛书编辑部编译.-西安:陕西师范大学出版社,2003.09 |
| 299页:图;21cm.-(紫图大师图典丛书) |
| ISBN 7-5613-2170-8:CNY58.00 |
| ● |
| 相关链接 |
|
|
|
正题名:幻想画大师图典
索取号:J233/2
 
预约/预借
| 序号 | 登录号 | 条形码 | 馆藏地/架位号 | 状态 | 备注 |
| 1 | 0364297 | 230075367 | 中心书库中库/ 中库017架B面2列3层18/ [索取号:J233/2] | 在馆 | |
| 2 | 0364298 | 230075365 | 中心书库中库/ 中库018架A面3列5层51/ [索取号:J233/2] | 在馆 | |
| 3 | 0364299 | 230075366 | 中心书库中库/ 中库018架A面3列5层50/ [索取号:J233/2] | 在馆 | |
| 4 | 0364300 | 230082943 | 中心书库中库/ 中库018架A面3列5层49/ [索取号:J233/2] | 在馆 | |
| 5 | 0364301 | 200373372 | 中心书库中库/ 中库018架A面3列5层46/ [索取号:J233/2] | 在馆 | |
| 6 | 2001741168 | 2001741168 | 样本书库/样005架A面5层1列/ [索取号:J233/2] | 在馆 |